| 000 | 00491nam a2200181Ia 4500 | ||
|---|---|---|---|
| 005 | 20250326140517.0 | ||
| 008 | 250326s9999 xx 000 0 und d | ||
| 037 | _aTextbook | ||
| 040 |
_aFMSL _beng _cFMSL |
||
| 041 |
_aeng _2eng |
||
| 084 |
_aX:89U L9 _qFMSL |
||
| 100 | _aMenon K.s | ||
| 245 | 0 |
_aPurchasing and innentory control _cMenon K.s |
|
| 260 |
_aAlllahabad _bAlllahabad, Wheeler _c1979 |
||
| 300 | _aix,536 | ||
| 942 |
_cTB _hX:89U L9 |
||
| 999 |
_c1286116 _d1286116 |
||